Capitals Without the Letters of “N'Djamena” - Statistics

General Stats
  • This quiz has been taken 11 times
  • The average score is 3 of 6
Answer Stats
Continents Capitals % Correct
Asia Tokyo
88%
Europe Oslo
75%
South America Quito
75%
Asia Tbilisi
38%
Africa Tripoli
25%
Africa Port Louis
13%
No matching quizzes found
Score Distribution
Percent of People with Each Score
Percentile by Number Answered
Your Score History
You have not taken this quiz